004240000a2200121000450024500580000004400130005804100130007165300150008470000340009970000340013310000310016777301040019810aLowland reptiles of Yacopí (Cundinamarca, Colombia) aColombia0 aInglés fColubridae1 aMedina Rangel, Guido Fabián1 aCastaño Mora, Olga Victoria1 aMoreno Arias, Rafael Angel1 tRevista de la Academia Colombiana de Ciencias Exactas, Físicas y Naturalesh122q93-103d2008g32